00495 2200181 4500001002100000008004100021035002000062245009200082100001900174250000600193260003200199300001200231020002200243084001400265082000800279650001400287990001200301INLIS000000000001234 ind  a0010-0524000469 aMekanika 2, Sebagai Persiapan Menuju Olimpiade InternasionalcProf. Yohanes Surya, Ph.D aSurya, Yohanes a1 aJakarta :bPT. Kandelc2017 a133 hlm a978-602-6878-48-9 a530 YOH m a530 aNon Fiksi a0744950